| 000 | 00529nam a2200169 4500 | ||
|---|---|---|---|
| 005 | 20260703111827.0 | ||
| 008 | 260703b |||||||| |||| 00| 0 eng d | ||
| 020 | _a9780802849731 | ||
| 050 | _aBL2532 | ||
| 100 | _aDe La Torre , Miguel .A. | ||
| 245 |
_aSanteria: _bThe Beliefs and Rituals of a Growing Religion in America / _cMiguel A. De la Torre . |
||
| 260 |
_aAmerica _bWilliams B.Eerdmans Publishing housen _c2004 |
||
| 300 |
_axvii, 246p. _billus. |
||
| 500 | _ait includes index. | ||
| 650 | _aSanteria | ||
| 942 | _cBK | ||
| 999 |
_c41589 _d41589 |
||